000 00502nam a22001817a 4500
003 OSt
005 20260421070002.0
008 260421b |||||||| |||| 00| 0 eng d
020 _a 0-87065-878-65
040 _aDWCL-Admin lib
_cOC
082 _aCirc. 300 Oc1s 1987
100 _aO'Connor, John R.
245 _a Social studies skills /
_cJohn R. O'Connor
300 _a iv, 124 p. ;
_c28 cm.
650 _a1. Social studies
700 _aGoldberg, Robert M.
942 _2ddc
_cBK-CIRC
_hCirc.
_n0
999 _c9583
_d9583